00490nam a2200145Ia 4500003000400000005001700004008004100021040001800062041000800080100005400088110001700142245013800159260001400297710003300311OSt20260311091141.0211028s2013 xx 000 0 und d cAIMIT LIBRARY aeng aArunkumar, A Kalla; Jacob, Della Pradeep.g101715 aRakesh Kumar aDevelopment and configuration of an open source application in LJP (Linux JSP Postgre) environment for migration of digital content / aGoac2013 aSSG Software System Pvt. ltd